Companies with a Market Capitalization Above US$100 Billion - Statistics

General Stats
  • This quiz has been taken 39 times
  • The average score is 37 of 98
Answer Stats
Country Valuation (billions) Industry Company % Correct
United States 1,022 Technology Apple
100%
United States 856 Technology Alphabet
94%
United States 889 Retail Amazon
94%
United States 264 Retail Walmart
92%
United States 830 Technology Microsoft
86%
South Korea 295 Technology Samsung Electronics
86%
United States 515 Technology Facebook
83%
Japan 209 Automobiles Toyota
83%
United States 399 Finance JPMorgan Chase
81%
United States 319 Finance Bank of America
78%
United States 497 Conglomerate Berkshire Hathaway
78%
China 462 Retail Alibaba
75%
United States 340 Oil & Gas ExxonMobil
75%
Switzerland 250 Food & Drink Nestle
75%
United States 236 Telecom AT&T
72%
United Kingdom/ Netherlands 279 Oil & Gas Royal Dutch Shell
72%
United States 279 Finance Wells Fargo
69%
United States 203 Aircraft Boeing
67%
United States 237 Oil & Gas Chevron
64%
United States 198 Food & Drink Coca-Cola
64%
United Kingdom 145 Oil & Gas BP
61%
United States 354 Consumer Johnson & Johnson
61%
United States 170 Media Walt Disney
61%
United States 216 Telecom Verizon
58%
United States 123 Food & Drink McDonald's
56%
United States 149 Media Netflix
56%
United States 237 Pharmaceuticals Pfizer
56%
United States 313 Finance Visa
56%
United States 126 Apparel Nike
53%
China 427 Technology Tencent
53%
United States 136 Technology IBM
50%
France 173 Luxury Goods LVMH
50%
United States 164 Food & Drink Pepsico
50%
China 188 Finance Bank of China
47%
United States 114 Conglomerate General Electric
47%
United States 103 Logistics UPS
47%
United States 185 Finance Citigroup
42%
United Kingdom 185 Finance HSBC
42%
United States 210 Finance Mastercard
42%
United States 153 Technology Nvidia
42%
United States 201 Technology Cisco
39%
United States 226 Retail Home Depot
39%
United States 247 Health UnitedHealth
39%
United States 231 Technology Intel
36%
United States 193 Technology Oracle
36%
United States 163 Media Comcast
33%
United States 155 Chemicals DowDuPont
33%
France 119 Cosmetics L'Oreal
33%
United States 177 Pharmaceuticals Merck
33%
United States 104 Technology Salesforce
33%
France 169 Oil & Gas Total
33%
United States 135 Tobacco Philip Morris
31%
Germany 142 Technology SAP
31%
Taiwan 208 Technology Taiwan Semiconductor Manufacturing Corporation
31%
Switzerland 212 Pharmaceuticals Novartis
28%
Switzerland 212 Pharmaceuticals Roche
28%
United States 122 Conglomerate 3M
25%
United States 124 Technology Adobe
25%
United States 207 Consumer Procter & Gamble
25%
Germany 110 Conglomerate Siemens
25%
United Kingdom/ Netherlands 166 Consumer Unilever
25%
United States 128 Pharmaceuticals Amgen
22%
United States 101 Finance PayPal
22%
United States 153 Pharmaceuticals AbbVie
19%
Ireland 108 Consulting Accenture
19%
Germany 103 Pharmaceutical Bayer
19%
Canada 114 Finance Royal Bank of Canada
19%
India 110 Consulting Tata Consultancy
19%
Australia 128 Mining BHP
17%
China 284 Finance Industrial and Commercial Bank of China
17%
China 203 Oil & Gas PetroChina
17%
India 108 Conglomerate Reliance Industries
17%
China 119 Oil & Gas Sinopec
17%
United States 113 Tobacco Altria
14%
China 239 Finance China Construction Bank
14%
United States 108 Pharmaceuticals Eli Lilly
14%
Canada 109 Finance Toronto-Dominion
14%
China 184 Finance Agricultural Bank of China
11%
United States 101 Travel Booking Holdings
11%
France 107 Pharmaceuticals Sanofi
11%
United States 110 Technology Texas Instruments
11%
United States 114 Pharmaceuticals Abbott
8%
Belgium 170 Food & Drink AB InBev
8%
United Kingdom 124 Tobacco British American Tobacco
8%
China 181 Telecom China Mobile
8%
Spain 100 Apparel Inditex
8%
China 114 Finance Bank of Communications
6%
China 107 Finance China Merchants Bank
6%
United States 101 Pharmaceuticals Gilead
6%
United States 115 Conglomerate Honeywell
6%
China 126 Food & Drink Kweichow Moutai
6%
Japan 101 Telecom NTT Docomo
6%
United States 111 Transportation Union Pacific
6%
Hong Kong 104 Insurance AIA
3%
United States 122 Medical Devices Medtronic
3%
South Africa 105 Media Naspers
3%
China 162 Conglomerate Ping An
3%
United States 107 Conglomerate United Technologies
3%
No matching quizzes found
Score Distribution
Percent of People with Each Score
Percentile by Number Answered
Your Score History
You have not taken this quiz